Paroles : Lala Love You BB Brunes - Statistiques

Statistiques générales
  • Ce quiz a été pris 36 fois
    34 depuis la dernière actualisation
  • Le résultat moyen est 120 sur 175
Statistiques - réponses
Réponse % Correct
Je
100%
je
100%
« I
96%
I
96%
love
96%
y
96%
you »
96%
à
92%
Elle
92%
la
92%
anglais
88%
dit
88%
en
88%
français
88%
les
88%
me
88%
n'aime
88%
que
88%
Que
88%
qu'elle
88%
très
88%
un
88%
Un
88%
j'expire
83%
Shakespeare
83%
et
79%
Et
79%
Si
79%
slows
79%
dans
75%
Dans
75%
de
75%
De
75%
do,
75%
ré,
75%
comme
71%
est
71%
fais :
71%
pas
71%
Quand
71%
se
71%
l'intention
67%
Mes
67%
mes
67%
mi
67%
sont
67%
d'or
63%
endormies
63%
lit
63%
Ma
63%
say :
63%
sens
63%
ce
58%
gris
58%
loup
58%
mots
58%
nuit
58%
toutes
58%
traîne,
58%
When
58%
colibri
54%
doux
54%
hier
54%
j'ai
54%
l'œil
54%
mort
54%
sonores
54%
vacarmes
54%
belle
50%
Lady
50%
l'élocution
50%
m'en
50%
mis
50%
morts
50%
plus
50%
Blotti
46%
contre
46%
corps
46%
Dorénavant
46%
du
46%
fleur
46%
J'étais
46%
Lune
46%
mon
46%
petit
46%
soliflore,
46%
vase
46%
vents
46%
vie,
46%
N'ont
42%
Nord,
42%
ouvert
42%
peurs
42%
ton
42%
veux
42%
volupté
42%
porte
38%
vois
38%
cœur
33%
colore
33%
volute
33%
amour
29%
éclore
29%
ne
29%
cet
25%
épris
25%
Hurlant
25%
douceur
8%
Symphonie
8%
splendeur
4%
Arcadie
0%
Aucun quiz correspondant
Distribution des résultats
% des personnes avec chaque résultat
Percentile par nombre de réponses
Votre historique - résultats
Vous n’avez pas pris ce quiz depuis la dernière actualisation